000 01021nas a2200301 i 4500
001 2141
003 ES-MaACL
005 20250814013818.0
007 t|
008 950801c1877 be | | 1 ||re d
022 _a0035-2160
080 _a493
245 0 0 _aRevue des questions scientifiques /
_cpubliée par la Société Scientifique de Bruxelles.
260 _aBruxelles, etc :
_bA. Vromant,
_c1877- (
_eLouvain :
_fEtablissements Centerich)
300 _a94 v. :
_bgrab ;
_c24 cm.
310 _aBimestral
321 _aTrimestral,
_b1877-1927
362 0 _aAño I, t. I (1877)-
500 _aJunto con la revista hay un índice que comprende los años 1877 a 1901.
650 1 7 _aCiencias
_2embne
_910971
655 7 _2tgfbne
_9226866
_aRevistas
710 2 _aSociété Scientifique de Bruxelles,
_9194403
852 _aES-MaACL
_jHEM-206
_92180
_cHEM
866 0 _o1884-1900(1901)1902-1934(1935).
942 _2udc
_cPERIODICA
999 _c2141
_d2141